| 000 | 01627nam a2200349 a 4500 | ||
|---|---|---|---|
| 001 | ebr10161357 | ||
| 003 | CaPaEBR | ||
| 006 | m u | ||
| 007 | cr cn||||||||| | ||
| 008 | 080903s2004 enk sb 001 0 eng d | ||
| 020 | _z9780335209750 | ||
| 020 | _z9780335224104 | ||
| 020 | _z0335209750 (pbk.) | ||
| 020 | _z0335209769 (hardback) | ||
| 040 |
_aCaPaEBR _cCaPaEBR |
||
| 035 | _a(OCoLC)277199495 | ||
| 050 | 1 | 4 |
_aPN1992.8.S43 _bA78 2004eb |
| 100 | 1 | _aArthurs, Jane. | |
| 245 | 1 | 0 |
_aTelevision and sexuality _h[electronic resource] : _bregulation and the politics of taste / _cJane Arthurs. |
| 260 |
_aMaidenhead, England : _bOpen University Press, _cc2004. |
||
| 300 | _axiii, 188 p. | ||
| 490 | 1 | _aIssues in cultural and media studies | |
| 504 | _aIncludes bibliographical references and index. | ||
| 505 | 0 | _a1. Introduction -- 2. Sexual citizenship in the digital age -- 3. Pornography and the regulation of taste -- 4. Sex scandals -- 5. The science of sex -- 6. Documenting the sex industry -- 7. Gay, lesbian and queer sexualities in UK drama -- 8. Postfeminist drama in the USA -- 9. Conclusion. | |
| 533 |
_aElectronic reproduction. _bPalo Alto, Calif. : _cebrary, _d2009. _nAvailable via World Wide Web. _nAccess may be limited to ebrary affiliated libraries. |
||
| 650 | 0 | _aSex on television. | |
| 650 | 0 | _aSex in popular culture. | |
| 655 | 7 |
_aElectronic books. _2local |
|
| 710 | 2 | _aebrary, Inc. | |
| 830 | 0 | _aIssues in cultural and media studies. | |
| 856 | 4 | 0 |
_uhttp://site.ebrary.com/lib/rucke/Doc?id=10161357 _zAn electronic book accessible through the World Wide Web; click to view |
| 999 |
_c132613 _d132613 |
||